[Event "Pergamino op"]
[Site "Pergamino"]
[Date "2022.12.09"]
[Round "1"]
[White "Ibarra, Juan Martin"]
[Black "Velazco, Tomas Sebastian"]
[Result "1/2-1/2"]
[WhiteElo "2190"]
[BlackElo "1725"]
[PlyCount "154"]
[EventDate "2022.12.09"]
[EventType "swiss"]
[EventRounds "6"]
[EventCountry "ARG"]
[SourceTitle "EXT 2024"]
[Source "ChessBase"]
[SourceDate "2023.10.10"]
[SourceVersion "1"]
[SourceVersionDate "2023.10.10"]
[SourceQuality "1"]

1. Nf3 Nf6 2. b3 g6 3. Bb2 Bg7 4. g3 c5 5. Bg2 d6 6. 0-0 0-0 7. d4 cxd4 8. Nxd4 Qb6 9. Na3 Bd7 10. Nc4 Qc7 11. e4 Nc6 12. Re1 Ng4 13. Nxc6 bxc6 14. Bxg7 Kxg7 15. h3 Ne5 16. Qe2 Nxc4 17. Qxc4 Rac8 18. h4 Qa5 19. Qd4+ f6 20. c4 Rc7 21. c5 dxc5 22. Qc4 e5 23. Red1 Qb4 24. Rac1 Qxc4 25. Rxc4 Kf7 26. Rxc5 Ke7 27. Bf1 Rb8 28. f3 h6 29. Kf2 g5 30. Ke3 gxh4 31. gxh4 Rg8 32. Kf2 Rg7 33. Bc4 Rb7 34. a3 Rb6 35. b4 a6 36. Ra5 Bc8 37. Bf1 Ke8 38. Be2 Ke7 39. Rc5 Bh3 40. Rcc1 Rg2+ 41. Ke3 Be6 42. Rg1 Rxg1 43. Rxg1 Kf7 44. f4 a5 45. f5 Bc8 46. Bc4+ Ke7 47. bxa5 Rb8 48. a6 Ra8 49. a7 Kd6 50. Rg8 Bb7 51. Ba6 Rxa7 52. Bxb7 Rxb7 53. Rg6 Rb3+ 54. Kf2 Ke7 55. Rxh6 Rxa3 56. Rh7+ Kf8 57. Rc7 Rh3 58. Rxc6 Kg7 59. Rc7+ Kg8 60. Ke2 Rxh4 61. Kd3 Rh1 62. Rc2 Rd1+ 63. Ke3 Rd4 64. Kf3 Rd3+ 65. Kg4 Kg7 66. Rc7+ Kg8 67. Kh5 Rg3 68. Kh6 Rg4 69. Rc6 Kf7 70. Rc7+ Kg8 71. Kh5 Rg1 72. Rc3 Kg7 73. Kh4 Rg2 74. Kh3 Rg1 75. Rc7+ Kg8 76. Rd7 Rg5 77. Kh4 Rg2 1/2-1/2

[Event "Corrientes Mayor Rosarino op"]
[Site "Corrientes"]
[Date "2022.10.10"]
[Round "8"]
[White "Micalizio, Hugo"]
[Black "Velazco, Tomas Sebastian"]
[Result "1/2-1/2"]
[WhiteElo "1837"]
[BlackElo "1798"]
[PlyCount "163"]
[EventDate "2022.10.06"]
[EventType "swiss"]
[EventRounds "9"]
[EventCountry "ARG"]
[SourceTitle "CBM 210 Extra"]
[Source "ChessBase"]
[SourceDate "2022.11.30"]
[SourceVersion "1"]
[SourceVersionDate "2022.11.30"]
[SourceQuality "1"]

1. e4 c5 2. Nf3 g6 3. c3 Bg7 4. Bc4 Nc6 5. 0-0 d6 6. d4 cxd4 7. cxd4 Bg4 8. Bxf7+ Kxf7 9. Ng5+ Ke8 10. Qxg4 Nxd4 11. Nc3 Nf6 12. Qd1 e5 13. Be3 h6 14. Nf3 Nxf3+ 15. Qxf3 Rf8 16. Rad1 a6 17. Bc5 Nd7 18. Qg4 Nxc5 19. Qxg6+ Rf7 20. Rxd6 Qg5 21. Qxg5 hxg5 22. b4 Nd7 23. Nd5 Nf6 24. Re6+ Kf8 25. Rxe5 Re8 26. Rxe8+ Kxe8 27. Rd1 Nxe4 28. Re1 Rd7 29. Rxe4+ Kf7 30. Ne3 Rd2 31. g3 Rxa2 32. Nf5 Bf8 33. Ne3 Ra4 34. Nc2 a5 35. Rc4 Bd6 36. h4 gxh4 37. Rxh4 Ra2 38. Rh7+ Kg6 39. Rxb7 Rxc2 40. Rb6 Rd2 41. bxa5 Kf7 42. a6 Bc5 43. a7 Ra2 44. Rb7+ Ke6 45. Kg2 Bxa7 46. Kh3 Bxf2 47. Rb3 Ra5 48. Rf3 Bd4 49. Kg4 Bf6 50. Rf4 Kf7 51. Rf5 Ra1 52. Rf4 Kg6 53. Rf3 Be5 54. Re3 Ra4+ 55. Kf3 Kf5 56. Rb3 Rg4 57. Kg2 Ke4 58. Rf3 Rg8 59. Ra3 Rc8 60. Rb3 Rc2+ 61. Kh3 Bd4 62. Ra3 Be3 63. Kg4 Rc8 64. Ra4+ Bd4 65. Ra5 Rg8+ 66. Rg5 Ra8 67. Rb5 Bc3 68. Rc5 Rg8+ 69. Rg5 Rc8 70. Rb5 Bd2 71. Rb3 Rh8 72. Ra3 Be1 73. Rb3 Rh7 74. Ra3 Bd2 75. Rb3 Bc1 76. Rc3 Be3 77. Ra3 Rg7+ 78. Kh3 Bd4 79. Ra8 Bc5 80. Ra4+ Kf3 81. Rf4+ Ke2 82. Kg2 1/2-1/2

[Event "Corrientes Mayor Rosarino op"]
[Site "Corrientes"]
[Date "2022.10.08"]
[Round "4"]
[White "Pascucci, Joaquin"]
[Black "Velazco, Tomas Sebastian"]
[Result "0-1"]
[WhiteElo "1583"]
[BlackElo "1798"]
[PlyCount "124"]
[EventDate "2022.10.06"]
[EventType "swiss"]
[EventRounds "9"]
[EventCountry "ARG"]
[SourceTitle "CBM 210 Extra"]
[Source "ChessBase"]
[SourceDate "2022.11.30"]
[SourceVersion "1"]
[SourceVersionDate "2022.11.30"]
[SourceQuality "1"]

1. e4 c5 2. Nf3 g6 3. d4 cxd4 4. Nxd4 Bg7 5. c4 Nc6 6. Be3 Nf6 7. Nc3 0-0 8. Be2 Qa5 9. 0-0 d6 10. Qd2 Nxd4 11. Bxd4 Nxe4 12. Qd3 Nxc3 13. bxc3 Bf5 14. Qd1 Rac8 15. Bxg7 Kxg7 16. Qd4+ Qe5 17. Qd2 Rc5 18. Rfe1 Qf6 19. Bf3 b6 20. Be2 Rfc8 21. Bf1 Be6 22. Qd4 Bxc4 23. Rxe7 Bxf1 24. Kxf1 Qxd4 25. cxd4 Rc1+ 26. Rxc1 Rxc1+ 27. Ke2 Rc2+ 28. Ke3 Rxa2 29. Rd7 b5 30. Rxd6 b4 31. Rd8 Kf6 32. Rb8 a5 33. g4 h6 34. h4 Ra3+ 35. Ke4 Rc3 36. Rb5 Rc6 37. g5+ hxg5 38. hxg5+ Ke7 39. Rxa5 Rb6 40. Ra2 Kd6 41. Rb2 b3 42. f4 Rb5 43. Ke3 Kd5 44. Kd3 Rb7 45. Kc3 Ke4 46. d5 Kxd5 47. Kd3 Rb8 48. Kc3 Ke4 49. Re2+ Kxf4 50. Kb2 Kxg5 51. Rg2+ Kh4 52. Rg1 g5 53. Rf1 g4 54. Rxf7 g3 55. Rh7+ Kg4 56. Rg7+ Kh3 57. Rh7+ Kg2 58. Rg7 Kh2 59. Rh7+ Kg1 60. Rg7 g2 61. Rg6 Rb4 62. Rg7 Kf2 0-1

[Event "Rosario Bandera Memorial"]
[Site "Rosario"]
[Date "2017.06.20"]
[Round "7"]
[White "Castro, Diego"]
[Black "Velazco, Tomas Sebastian"]
[Result "1-0"]
[WhiteElo "1749"]
[BlackElo "1347"]
[PlyCount "31"]
[EventDate "2017.06.17"]
[EventType "swiss"]
[EventRounds "7"]
[EventCountry "ARG"]
[SourceTitle "EXT 2018"]
[Source "ChessBase"]
[SourceDate "2017.10.13"]
[SourceVersion "1"]
[SourceVersionDate "2017.10.13"]
[SourceQuality "1"]

1. e4 e5 2. Nf3 Nc6 3. d4 exd4 4. Bc4 Nf6 5. e5 Ng4 6. 0-0 Bc5 7. h3 Nh6 8. Bxh6 gxh6 9. Qd2 f6 10. Qxh6 fxe5 11. Qh5+ Ke7 12. Nxe5 Kd6 13. Nf7+ Ke7 14. Re1+ Kf8 15. Qh6+ Kg8 16. Nd6# 1-0